Kim vân kiều truyện :
Cuốn sách này nhằm cung cấp cho độc giả một bản dịch Kim vân Kiều truyện ít sai sót và gần vơi bản Nguyễn Du dùng để sáng tạo Đoạn trường tân thanh. Văn bản dùng để hiệu chỉnh do Tiếu Hoa Hiên tàng bản....
Na minha lista:
| Autor principal: | |
|---|---|
| Formato: | Livro |
| Idioma: | Undetermined |
| Publicado em: |
Hà Nội
Đại học Sư phạm
2008
|
| Assuntos: | |
| Tags: |
Adicionar Tag
Sem tags, seja o primeiro a adicionar uma tag!
|
| Thư viện lưu trữ: | Trung tâm Học liệu Trường Đại học Cần Thơ |
|---|
| LEADER | 00979nam a2200205Ia 4500 | ||
|---|---|---|---|
| 001 | CTU_140752 | ||
| 008 | 210402s9999 xx 000 0 und d | ||
| 020 | |c 31000 | ||
| 082 | |a 895.134 | ||
| 082 | |b Th107 | ||
| 100 | |a Thanh Tâm Tài Nhân | ||
| 245 | 0 | |a Kim vân kiều truyện : | |
| 245 | 0 | |c Thanh Tâm Tài Nhân ; Nguyễn Đức Vân , Nguyễn Khắc Hanh (dịch) | |
| 260 | |a Hà Nội | ||
| 260 | |b Đại học Sư phạm | ||
| 260 | |c 2008 | ||
| 520 | |a Cuốn sách này nhằm cung cấp cho độc giả một bản dịch Kim vân Kiều truyện ít sai sót và gần vơi bản Nguyễn Du dùng để sáng tạo Đoạn trường tân thanh. Văn bản dùng để hiệu chỉnh do Tiếu Hoa Hiên tàng bản. | ||
| 650 | |a Chinese literature,Văn học Trung Quốc,Chinese fiction | ||
| 904 | |i Hạ Nguyên, Ái | ||
| 980 | |a Trung tâm Học liệu Trường Đại học Cần Thơ | ||